[Event "Hoogeveen open"]
[Site "?"]
[Date "2006.10.23"]
[Round "4"]
[White "Van der Wiel, John"]
[Black "Tondivar, Babak"]
[Result "1/2-1/2"]
[WhiteElo "2523"]
[BlackElo "2367"]
[PlyCount "87"]
[EventDate "2006.10.23"]

1. e4 e6 2. d4 d5 3. Nd2 c5 4. exd5 exd5 5. Ngf3 Nc6 6. Bb5 Bd6 7. dxc5 Bxc5 8.
O-O Nge7 9. Nb3 Bd6 10. Re1 O-O 11. c3 Bg4 12. Be2 Re8 13. Bg5 h6 14. Bxe7 Rxe7
15. Nfd4 Nxd4 16. Nxd4 Bxe2 17. Rxe2 Qb6 18. Qb3 Qxb3 19. axb3 Rxe2 20. Nxe2 a6
21. Rd1 Rd8 22. g3 Be5 23. Kg2 Kf8 24. Nc1 Ke7 25. Nd3 Bd6 26. Ne1 Ke6 27. b4
g6 28. Kf3 h5 29. Nc2 Be5 30. h4 Bf6 31. Ne1 Be5 32. Nd3 Bd6 33. Nc1 Bc7 34.
Rd2 Rc8 35. Re2+ Kf6 36. Rd2 Ke6 37. Ne2 Be5 38. Nd4+ Bxd4 39. Rxd4 f6 40. g4
hxg4+ 41. Kxg4 Rh8 42. b5 a5 43. b6 Rc8 44. Rd2 1/2-1/2

[Event "Hoogeveen open"]
[Site "?"]
[Date "2006.10.23"]
[Round "4"]
[White "Friesen, Boris"]
[Black "Galjé, Hans"]
[Result "1/2-1/2"]
[WhiteElo "2154"]
[BlackElo "2110"]
[PlyCount "51"]
[EventDate "2006.10.23"]

1. e4 e6 2. d4 d5 3. Nc3 Bb4 4. Nge2 Nf6 5. Bg5 dxe4 6. a3 Be7 7. Bxf6 Bxf6 8.
Nxe4 O-O 9. Qd2 Nd7 10. O-O-O b6 11. N2g3 Bb7 12. Kb1 Be7 13. f3 Nf6 14. Nxf6+
Bxf6 15. Ne4 Be7 16. Bc4 c6 17. Qf4 b5 18. Bb3 Qb6 19. h4 Rad8 20. Ng5 c5 21.
dxc5 Bxc5 22. Qg4 h6 23. Ne4 Be7 24. Ng3 Rxd1+ 25. Rxd1 Rd8 26. Rxd8+ 1/2-1/2

[Event "Hoogeveen open"]
[Site "Hoogeveen"]
[Date "2006.10.24"]
[Round "5"]
[White "Gurevich, Mikhail"]
[Black "Brodsky, Michail"]
[Result "0-1"]
[WhiteElo "2648"]
[BlackElo "2566"]
[PlyCount "112"]
[EventDate "2006.??.??"]

1. c4 Nf6 2. d4 e6 3. Nc3 Bb4 4. Qc2 d5 5. cxd5 exd5 6. Bg5 c5 7. dxc5 h6 8.
Bxf6 Qxf6 9. e3 O-O 10. Nge2 Na6 11. Nd4 Nxc5 12. Be2 Bxc3+ 13. bxc3 Bd7 14.
O-O Ba4 15. Qb2 Rac8 16. Rac1 b6 17. c4 dxc4 18. Qb4 Bd7 19. Bxc4 Rfd8 20. Qa3
Rc7 21. Be2 Rdc8 22. Nb5 Bxb5 23. Bxb5 Ne4 24. Rxc7 Rxc7 25. Qd3 Nc3 26. a4 g6
27. e4 Rc8 28. Qd7 Qd8 29. Qxa7 Nxe4 30. Qd7 Qxd7 31. Bxd7 Rc7 32. Bb5 Nc3 33.
Re1 Rc5 34. Be8 Rc4 35. g3 Kf8 36. Bd7 Nxa4 37. Re8+ Kg7 38. Rb8 Nc5 39. Bb5
Rb4 40. Rxb6 Ne4 41. Bc6 Rxb6 42. Bxe4 Rb2 43. h4 Rd2 44. Kg2 Kf6 45. Kf3 Ra2
46. Bd5 Ra3+ 47. Kf4 Ra5 48. Bc6 Rc5 49. Bb7 Ke6 50. Be4 Rc3 51. g4 Rh3 52. Bg2
Rxh4 53. Kg3 g5 54. f4 h5 55. Bf3 hxg4 56. Be2 Kf5 0-1

[Event "Hoogeveen open"]
[Site "Hoogeveen, Netherlands"]
[Date "2006.10.24"]
[Round "5"]
[White "Bitalzadeh, Ali"]
[Black "Hort, Vlastimil"]
[Result "1-0"]
[WhiteElo "2345"]
[BlackElo "2501"]
[PlyCount "187"]
[EventDate "2006.??.??"]

1. e4 c6 2. d4 d5 3. exd5 cxd5 4. c3 Nc6 5. Bf4 Nf6 6. Bd3 g6 7. Nd2 Bg7 8.
Ngf3 Bf5 9. Bxf5 gxf5 10. h3 Qd7 11. Ne5 Qe6 12. O-O Ne4 13. Nd3 O-O 14. Re1
Qd7 15. Nf1 b6 16. Ne3 e6 17. g4 fxg4 18. hxg4 f6 19. f3 Ng5 20. Kg2 Ne7 21.
Nf2 Rae8 22. Qb3 h6 23. Rad1 Rf7 24. Bg3 f5 25. gxf5 Nxf5 26. Nxf5 Rxf5 27. f4
Nf7 28. Re2 Nd6 29. Rde1 Qf7 30. Qa4 Rf6 31. Bh2 Nf5 32. Kh1 Qh5 33. Rg1 Qf3+
34. Rg2 Re7 35. Ng4 Rg6 36. Ref2 Qe4 37. Qc2 Qxc2 38. Rxc2 Rxg4 39. Rxg4 Ne3
40. Rcg2 Rf7 41. Rg6 Nxg2 42. Kxg2 Rf6 43. Rg3 Kf7 44. Re3 Bf8 45. Kf3 Bd6 46.
Re1 Be7 47. Bg3 Rf5 48. Rh1 Kg6 49. Re1 Kf7 50. Rh1 Bf8 51. Kg4 Kg6 52. Re1 Kf6
53. a4 Ke7 54. b4 a6 55. b5 a5 56. c4 dxc4 57. Rc1 Kd7 58. Rxc4 Bd6 59. Rc1 h5+
60. Kf3 Be7 61. Bf2 Rd5 62. Rg1 Bf6 63. Ke4 Ke7 64. Rc1 Kd7 65. Rh1 Ke7 66. Rg1
h4 67. Kf3 Bxd4 68. Bxh4+ Kd6 69. Rg8 Kc5 70. Be7+ Kc4 71. Rg6 Kb3 72. Rxe6
Kxa4 73. Ke4 Rd7 74. f5 Kxb5 75. f6 Bc5 76. Kf5 a4 77. Re5 Kc4 78. Rxc5+ bxc5
79. f7 Rxe7 80. f8=Q Re3 81. Qg8+ Kb4 82. Qb8+ Ka3 83. Qb5 Rb3 84. Qxc5+ Kb2
85. Qd4+ Ka3 86. Ke5 Rb5+ 87. Kd6 Kb3 88. Qe3+ Kc4 89. Qa3 Ra5 90. Kc6 Ra6+ 91.
Kb7 Ra5 92. Kb6 Ra8 93. Qc5+ Kb3 94. Qd5+ 1-0

[Event "Hoogeveen open"]
[Site "Hoogeveen, Netherlands"]
[Date "2006.10.24"]
[Round "5"]
[White "Van Der Elburg, Freddie"]
[Black "Khairullin, Ildar"]
[Result "0-1"]
[WhiteElo "2359"]
[BlackElo "2543"]
[PlyCount "134"]
[EventDate "2006.??.??"]

1. c4 e5 2. g3 Nf6 3. Bg2 Bc5 4. Nc3 O-O 5. e3 c6 6. d4 exd4 7. exd4 Bb4 8.
Nge2 d5 9. cxd5 Nxd5 10. O-O Be6 11. a3 Ba5 12. Ne4 Nd7 13. Nc5 Nxc5 14. dxc5
Bg4 15. Qc2 Bc7 16. Nc3 Nxc3 17. Qxc3 Re8 18. Be3 Be5 19. Qb4 Qd7 20. f3 Bf5
21. Rad1 Qc7 22. Bd4 Bxd4+ 23. Qxd4 Rad8 24. Qc3 h5 25. Rfe1 Rxd1 26. Rxd1 Re5
27. f4 Re8 28. b4 Qe7 29. Qd2 Bg4 30. Rf1 Rd8 31. Re1 Qxc5+ 32. bxc5 Rxd2 33.
Re8+ Kh7 34. Re7 Rd7 35. Be4+ g6 36. Re8 Rd1+ 37. Kg2 Rd2+ 38. Kf1 Kg7 39. Rb8
Rd4 40. Bc2 Rd7 41. Bb3 Kf6 42. Ke1 Be6 43. Bc2 Bc4 44. Bd1 Kf5 45. Bf3 Bd5 46.
Kf2 Bxf3 47. Kxf3 Rd3+ 48. Kg2 Rb3 49. a4 Ke6 50. Re8+ Kd5 51. Re7 f5 52. Rg7
Rb2+ 53. Kf3 Kxc5 54. Rxg6 a5 55. Rg5 b5 56. Rxf5+ Kb4 57. axb5 cxb5 58. Re5 a4
59. f5 Rd2 60. f6 Rd8 61. g4 hxg4+ 62. Kxg4 a3 63. Kf5 a2 64. Re4+ Ka3 65. Re3+
Ka4 66. Re1 b4 67. f7 Rf8 0-1